| 000 | 00471cam a2200205u 4500 | ||
|---|---|---|---|
| 001 | 9254859 | ||
| 005 | 20180223072332.0 | ||
| 008 | 810220s1941 nyu 000 0 eng | ||
| 010 | _a 41010350 | ||
| 040 |
_aDLC _cCarP _dDLC |
||
| 041 | _aeng | ||
| 043 | _an-us--- | ||
| 080 | _a941 | ||
| 082 | _2941 BAR | ||
| 100 | _a16 | ||
| 101 | _aHIS | ||
| 245 | 1 | 0 | _aAmerican industry in the war; |
| 906 |
_a0 _bcbc _cpremunv _du _encip _f19 _gy-gencatlg |
||
| 942 |
_2ddc _cBK |
||
| 999 |
_c43256 _d43256 |
||